Deutsche YouTuber/Streamer #1 - Statistiken

Allgemein
  • Dieses Quiz wurde 414 mal gespielt
  • Das Durchschnittsergebnis liegt bei 6 aus 12
Antwortstatistiken
Bürgerlicher Name Kanal % Korrekt
Jens Knossalla Knossi
96%
Kevin Andreas Teller Papaplatte
83%
Bianca Heinicke BibisBeautyPalace
71%
Torge Oelrich Freshtorge
59%
Maximilian Alexander Curt Stemmler Trymacs
59%
Sascha Hellinger unsympathischTV
56%
Nicolas Lazaridis inscope21
39%
Kelly Svirakova Kelly aka missesvlog
34%
Viktor Roth iBlali
32%
Robert Brosowski CrispyRob
19%
Julien Sewering JuliensBlog
11%
Alexander Oliviee Witthüser 2Bough
1%
Keine übereinstimmenden Quizze gefunden
Verteilung der Resultate
Anzahl Personen mit jedem Resultat
Perzentil nach korrekt beantworteten Fragen
Ihre Resultats-Entwicklung
Sie haben dieses Quiz noch nicht gespielt